[Event "BCC Josh Friedel Marathon"]
[Site "Berkeley"]
[Date "2008.08.08"]
[Round "5.4"]
[White "Lloyd, Austin"]
[Black "Motschenbacher, Von"]
[Result "0-1"]
[WhiteElo "1345"]
[BlackElo "1785"]
[PlyCount "36"]
[EventDate "2008.??.??"]
[SourceDate "2007.10.22"]

1. d4 e6 2. e4 d5 3. exd5 exd5 4. Nf3 Bd6 5. c4 c6 6. Nc3 Ne7 7. Bd3 Bg4 8. O-O
Qd7 9. cxd5 cxd5 10. Re1 O-O 11. Qb3 Bxf3 12. gxf3 Nbc6 13. Be3 Rfe8 14. Kh1
Qh3 15. f4 Qf3+ 16. Kg1 Nxd4 17. Nxd5 Nxb3 18. axb3 Nxd5 {W resigns} 0-1

[Event "Berkeley CC Capablanca FNM; 30/90, SD/3"]
[Site "Berkeley"]
[Date "2011.09.30"]
[Round "3.6"]
[White "Loica, Caius"]
[Black "Chamberlain, Ethan"]
[Result "1-0"]
[WhiteElo "1520"]
[BlackElo "1930"]
[PlyCount "41"]
[EventDate "2011.??.??"]
[SourceDate "2007.10.22"]

1. e4 c5 2. Nf3 g6 3. c3 d5 4. e5 Nc6 5. d4 Bg7 6. Be3 Bg4 7. Nbd2 Nh6 8. h3
Bxf3 9. Nxf3 Nf5 10. Qd2 cxd4 11. cxd4 Qb6 12. b3 e6 13. Bd3 Nfxd4 14. Nxd4
Nxd4 15. Bxd4 Bh6 16. Qxh6 Qxd4 17. Bb5+ Ke7 18. Qg5+ Kf8 19. O-O Kg7 20. Qf6+
Kh6 21. g4 1-0

[Event "Berkeley CC Capablanca FNM; 30/90, SD/3"]
[Site "Berkeley"]
[Date "2011.09.16"]
[Round "1.10"]
[White "Loica, Caius"]
[Black "Curto, Wayne"]
[Result "0-1"]
[WhiteElo "1520"]
[BlackElo "1900"]
[PlyCount "119"]
[EventDate "2011.??.??"]
[SourceDate "2007.10.22"]

1. e4 c6 2. Nf3 d5 3. exd5 cxd5 4. d4 Nc6 5. Bf4 Nf6 6. Nc3 Bf5 7. Bd3 Bg4 8.
Be2 e6 9. Ne5 Bxe2 10. Nxe2 Qb6 11. b3 Ba3 12. Nxc6 Qxc6 13. Bc1 Bd6 14. f3 Rc8
15. c3 Qc7 16. g3 h5 17. Bg5 Nh7 18. Bf4 Bxf4 19. gxf4 Nf6 20. Qd3 g6 21. Kd2
h4 22. h3 a6 23. Qe3 Rh5 24. Rhg1 b5 25. Rxg6 Ke7 26. Rg5 b4 27. Rc1 Qa5 28.
Rc2 Qc7 29. Qe5 Rxg5 30. Qxc7+ Rxc7 31. fxg5 bxc3+ 32. Nxc3 Ne8 33. Kd3 Kd6 34.
Rg2 Ng7 35. Rg4 Nf5 36. Ne2 Rc8 37. Nf4 Rc1 38. Ng2 Rh1 39. Nxh4 Rxh3 40. Nxf5+
exf5 41. Rf4 Ke6 42. Kc3 Rg3 43. Kb4 Rxg5 44. Rh4 Rg3 45. f4 Rg4 46. Rh3 Rxf4
47. Rd3 Re4 48. Ka5 f4 49. Kxa6 Re3 50. Rd2 f3 51. Rf2 Kf5 52. b4 Ra3+ 53. Kb6
Ke4 54. b5 Ke3 55. Rf1 Ke2 56. Rh1 f2 57. Rh2 Ke1 58. Rh1+ f1=Q 59. Rxf1+ Kxf1
60. Kc7 0-1

[Event "Berkeley CC Capablanca FNM; 30/90, SD/3"]
[Site "Berkeley"]
[Date "2011.10.14"]
[Round "5.7"]
[White "Loica, Caius"]
[Black "Woebcke, Carl"]
[Result "1/2-1/2"]
[WhiteElo "1520"]
[BlackElo "1832"]
[PlyCount "92"]
[EventDate "2011.??.??"]
[SourceDate "2007.10.22"]

1. e4 c5 2. Nf3 d6 3. d4 cxd4 4. Nxd4 Nf6 5. Nc3 a6 6. Bg5 e6 7. Bc4 b5 8. Bb3
Be7 9. Qd3 O-O 10. O-O h6 11. Bh4 Bd7 12. Rad1 b4 13. Nce2 Nc6 14. Nf3 Na5 15.
Bxf6 Bxf6 16. Qxd6 Bb5 17. Qxb4 Qc7 18. Rfe1 Rab8 19. Qd6 Qxd6 20. Rxd6 Nxb3
21. cxb3 Bxb2 22. Ned4 Bc3 23. Rd1 Rfc8 24. a4 Bb4 25. Nxb5 axb5 26. Ra6 bxa4
27. bxa4 Rc4 28. Nd4 Rd8 29. Kf1 Rcxd4 30. Rxd4 Rxd4 31. f3 Rd1+ 32. Ke2 Rd2+
33. Kf1 Ra2 34. Ra8+ Kh7 35. h3 Kg6 36. Kg1 Kg5 37. Kf1 f6 38. Ra6 e5 39. Ra7
g6 40. Ra6 Ra1+ 41. Ke2 Rg1 42. Kf2 Ra1 43. h4+ Kxh4 44. Rxf6 Be1+ 45. Ke2 Kg5
46. Ra6 Bc3 1/2-1/2

[Event "Berkeley CC De Firmian FNM; 30/90, SD/30"]
[Site "Berkeley"]
[Date "2012.05.04"]
[Round "6.6"]
[White "Loica-mersa, Caius"]
[Black "Acosta, Anthony Ro"]
[Result "0-1"]
[WhiteElo "1658"]
[BlackElo "1692"]
[PlyCount "63"]
[EventDate "2012.??.??"]

1. d4 e6 2. Nf3 Nf6 3. Bg5 b6 4. e3 Bb7 5. c4 Bb4+ 6. Nc3 h6 7. Bxf6 Qxf6 8.
Be2 g5 9. O-O Nc6 10. a3 Bxc3 11. bxc3 g4 12. Nd2 h5 13. e4 Nxd4 14. cxd4 Qxd4
15. Qc2 O-O-O 16. Qd3 Qg7 17. f3 Rdg8 18. Rad1 d6 19. f4 h4 20. Nb1 Rd8 21. Nc3
h3 22. g3 f5 23. exf5 Rhe8 24. fxe6 Kb8 25. f5 Qe5 26. Qd4 Qa5 27. a4 Bg2 28.
Rf4 c5 29. Qe3 d5 30. cxd5 Kb7 31. Bxg4 c4 32. Bf3 0-1

[Event "Berkeley CC Reti FNM; 30/90, SD/60"]
[Site "Berkeley"]
[Date "2011.04.22"]
[Round "1.9"]
[White "Loica-mersa, Caius"]
[Black "Delaney, Will F"]
[Result "1-0"]
[WhiteElo "1181"]
[BlackElo "1853"]
[PlyCount "59"]
[EventDate "2011.??.??"]
[SourceDate "2007.10.22"]

1. e4 c5 2. Nf3 Nc6 3. Bb5 Qc7 4. Nc3 e6 5. O-O a6 6. Bxc6 bxc6 7. d4 cxd4 8.
Qxd4 Rb8 9. Rd1 d5 10. exd5 cxd5 11. Bf4 Bd6 12. Bxd6 Qxd6 13. Qxg7 Qe7 14.
Qxh8 Kf8 15. Re1 Bb7 16. Rad1 Rd8 17. Nd4 Re8 18. Nf5 Qg5 19. Nd6 Re7 20. Nxb7
Rxb7 21. Re3 Qg7 22. Qxg7+ Kxg7 23. Rg3+ Kf8 24. b3 Ne7 25. Ne2 Rb4 26. Rd4 Rb5
27. Rdg4 h5 28. Rg5 h4 29. R3g4 Rc5 30. c4 1-0

[Event "Berkeley CC De Firmian FNM; 30/90, SD/30"]
[Site "Berkeley"]
[Date "2012.04.06"]
[Round "2.8"]
[White "Loica-mersa, Caius"]
[Black "Krasnov, Steven Le"]
[Result "1-0"]
[WhiteElo "1658"]
[BlackElo "2033"]
[PlyCount "83"]
[EventDate "2012.??.??"]

1. d4 Nf6 2. c4 e6 3. Nc3 d5 4. Bg5 h6 5. Bh4 c6 6. e3 Nbd7 7. Nf3 Be7 8. Bd3
dxc4 9. Bxc4 b5 10. Bd3 a6 11. a3 c5 12. b3 Bb7 13. Bxf6 Nxf6 14. dxc5 Bxc5 15.
b4 Be7 16. O-O Rc8 17. Ne2 O-O 18. Ng3 Qb6 19. Qe2 Nd5 20. Rac1 Bf6 21. Ne4 Be7
22. Ne5 Qd6 23. Nxd6 Bxd6 24. Rxc8 Rxc8 25. Qh5 Rc7 26. Ng4 Bf8 27. Be4 Rd7 28.
Ne5 Nf6 29. Qh4 g5 30. Qh3 Bxe4 31. Nxd7 Nxd7 32. f4 Bf5 33. Qg3 Nf6 34. fxg5
Ne4 35. Qe5 Bd6 36. Qd4 hxg5 37. Rxf5 exf5 38. Qd5 Be7 39. Qxf5 Nd6 40. Qd5 Nc4
41. Qa8+ Kg7 42. Qxa6 1-0

[Event "Berkeley CC Reti FNM; 30/90, SD/60"]
[Site "Berkeley"]
[Date "2011.05.13"]
[Round "4.12"]
[White "Loica-mersa, Caius"]
[Black "Lesquillier, Walte"]
[Result "1-0"]
[WhiteElo "1223"]
[BlackElo "1729"]
[PlyCount "61"]
[EventDate "2011.??.??"]
[SourceDate "2007.10.22"]

1. e4 c5 2. Nf3 g6 3. d4 Bg7 4. c3 b6 5. Bc4 Nc6 6. Ng5 Nh6 7. Qf3 O-O 8. dxc5
Ne5 9. Qe2 bxc5 10. O-O Nxc4 11. Qxc4 Qc7 12. Nd2 Ng4 13. Ngf3 d6 14. Nb3 a5
15. Re1 Be6 16. Qa4 Nf6 17. e5 Nd7 18. exd6 exd6 19. Qh4 Rfe8 20. Ng5 Nf6 21.
Nxe6 fxe6 22. Bf4 Nd5 23. Bg3 a4 24. Nd2 a3 25. b3 Bxc3 26. Rad1 Bf6 27. Qc4
Nb6 28. Qg4 e5 29. Ne4 Qe7 30. Rxd6 Bg7 31. Rxb6 1-0

[Event "Berkeley CC Ch2011 FNM; 30/90, SD/30"]
[Site "Berkeley"]
[Date "2011.11.11"]
[Round "2.11"]
[White "Loica-mersa, Caius"]
[Black "Smail, John"]
[Result "0-1"]
[WhiteElo "1614"]
[BlackElo "1852"]
[PlyCount "78"]
[EventDate "2011.??.??"]
[SourceDate "2007.10.22"]

1. e4 c5 2. Nf3 Nc6 3. Nc3 g6 4. d4 cxd4 5. Nxd4 Bg7 6. Nce2 Nf6 7. Nxc6 bxc6
8. Qd3 Qb6 9. c3 Ba6 10. Qc2 Ng4 11. Ng3 Bxf1 12. Nxf1 O-O 13. h3 Ne5 14. Be3
Qa6 15. f4 Nd3+ 16. Kd2 Rab8 17. Rb1 Qxa2 18. Kxd3 d5 19. e5 Qc4+ 20. Kd2 c5
21. Kc1 d4 22. cxd4 Qe6 23. dxc5 f6 24. Nd2 fxe5 25. Rf1 Rb4 26. f5 gxf5 27. b3
f4 28. Bg1 e4 29. Bh2 f3 30. gxf3 Qxh3 31. Bg1 Bh6 32. Kb2 e3 33. Nc4 Qe6 34.
Qe2 Rfb8 35. Kc2 Qf5+ 36. Qd3 Qxc5 37. Bxe3 Bxe3 38. Qxe3 Rxc4+ 39. Kd2 Rc2+
0-1

[Event "Berkeley CC De Firmian FNM; 30/90, SD/30"]
[Site "Berkeley"]
[Date "2012.04.20"]
[Round "4.7"]
[White "Loica-mersa, Caius"]
[Black "Wang, Yuan"]
[Result "0-1"]
[WhiteElo "1658"]
[BlackElo "2027"]
[PlyCount "82"]
[EventDate "2012.??.??"]

1. d4 Nf6 2. c4 g6 3. Nf3 Bg7 4. Nc3 d5 5. Bf4 O-O 6. e3 c5 7. dxc5 Qa5 8. Nd2
Bg4 9. f3 Be6 10. Nb3 Qd8 11. cxd5 Nxd5 12. Nxd5 Bxd5 13. Qc2 Nc6 14. Rd1 Bxb3
15. Qxb3 Qa5+ 16. Kf2 Qxc5 17. Be2 Rad8 18. Bc7 Rc8 19. Qxb7 Nb4 20. Rc1 Nc2
21. Bf4 e5 22. Bg5 h6 23. Be7 Qxe3+ 24. Kg3 Qxe2 25. Bxf8 Rxf8 26. Rhf1 Ne3 27.
Rg1 Nf5+ 28. Kh3 Qf2 29. Qb4 a5 30. Qe4 Rd8 31. Rgf1 Qxb2 32. Rc2 Qb5 33. Rfc1
Rd4 34. Qa8+ Kh7 35. g4 Ne3 36. Rc7 Qe2 37. Rg1 Rf4 38. Rg3 Nf1 39. Rg2 Rxf3+
40. Kh4 g5+ 41. Kh5 Rh3# 0-1

[Event "Berkeley CC Colle FNM; 30/90, SD/30"]
[Site "Berkeley"]
[Date "2011.07.01"]
[Round "4.3"]
[White "Lope, Greg"]
[Black "Delaney, Will F"]
[Result "1-0"]
[WhiteElo "2024"]
[BlackElo "1837"]
[PlyCount "40"]
[EventDate "2011.??.??"]
[SourceDate "2007.10.22"]

1. e4 c5 2. Nf3 Nc6 3. d4 cxd4 4. Nxd4 Nf6 5. Nc3 a6 6. Bg5 h6 7. Bh4 Qa5 8.
Nb3 Qe5 9. Bg3 Qh5 10. Be2 Qg6 11. O-O e6 12. f4 Nxe4 13. f5 Nxc3 14. fxg6 Nxd1
15. gxf7+ Kd8 16. Raxd1 h5 17. c4 g5 18. c5 h4 19. Bd6 Ne7 20. Nd4 Rh6 1-0

[Event "Berkeley CC Ch2011 FNM; 30/90, SD/30"]
[Site "Berkeley"]
[Date "2011.11.18"]
[Round "3.5"]
[White "Lope, Greg Kenneth"]
[Black "Glasscoe, Alan"]
[Result "1-0"]
[WhiteElo "2047"]
[BlackElo "1841"]
[PlyCount "83"]
[EventDate "2011.??.??"]
[SourceDate "2007.10.22"]

1. e4 Nc6 2. d4 d5 3. e5 Bf5 4. c3 e6 5. Nf3 Nge7 6. Nbd2 Bg6 7. Be2 Nf5 8. a4
a6 9. a5 Be7 10. O-O O-O 11. g3 f6 12. exf6 Bxf6 13. Nb3 Qc8 14. Nc5 Be7 15. b4
Re8 16. Ng5 Bxg5 17. Bxg5 Nd8 18. Bh5 Bxh5 19. Qxh5 Nf7 20. Bf4 b6 21. Nd3 Qd7
22. Rfe1 Rac8 23. Be5 Ne7 24. Re3 Ng6 25. Kg2 Nfxe5 26. Nxe5 Nxe5 27. Rxe5 Rf8
28. Qe2 c5 29. axb6 cxb4 30. cxb4 Qb5 31. Qxb5 axb5 32. Rxe6 Rc2 33. b7 Rcxf2+
34. Kh3 R2f7 35. Rb6 Rb8 36. Ra8 Rff8 37. Rxb8 Rxb8 38. Kg4 Kf7 39. Kf4 Ke7 40.
Ke5 Kd7 41. Kxd5 Kc7 42. Kc5 1-0

[Event "Berkeley CC Colle FNM; 30/90, SD/30"]
[Site "Berkeley"]
[Date "2011.06.17"]
[Round "2.9"]
[White "Lope, Greg"]
[Black "Landrum, Brett"]
[Result "1-0"]
[WhiteElo "2024"]
[BlackElo "1572"]
[PlyCount "33"]
[EventDate "2011.??.??"]
[SourceDate "2007.10.22"]

1. e4 d5 2. exd5 Qxd5 3. Nc3 Qa5 4. Bc4 Nf6 5. d3 Bf5 6. Nf3 Nbd7 7. Bd2 c6 8.
Qe2 e6 9. O-O Bd6 10. Nb5 Bb4 11. Bxb4 Qxb4 12. Nc7+ Ke7 13. Nxa8 Rxa8 14. c3
Qd6 15. Nd4 Bg4 16. f3 Bh5 17. Nf5+ 1-0

[Event "Berkeley CC Colle FNM; 30/90, SD/30"]
[Site "Berkeley"]
[Date "2011.07.08"]
[Round "5.1"]
[White "Lope, Greg"]
[Black "Narayanan, Praveen"]
[Result "1-0"]
[WhiteElo "2024"]
[BlackElo "1903"]
[PlyCount "55"]
[EventDate "2011.??.??"]
[SourceDate "2007.10.22"]

1. e4 e6 2. d3 d5 3. Nd2 Nc6 4. Ngf3 dxe4 5. dxe4 e5 6. Bb5 Bg4 7. h3 Bxf3 8.
Qxf3 Qf6 9. Qc3 O-O-O 10. O-O Bb4 11. Qe3 Nd4 12. Bd3 Bc5 13. b4 Bxb4 14. Nb3
Ne7 15. f4 Bc3 16. Kh1 Bxa1 17. Nxa1 exf4 18. Rxf4 Qe5 19. Nb3 Nec6 20. Bb2
Nxc2 21. Qc1 N2d4 22. Rxf7 Nxb3 23. Qxc6 Qh2+ 24. Kxh2 bxc6 25. Ba6+ Kb8 26.
axb3 Rhe8 27. Rxg7 Rd3 28. Bxd3 1-0

[Event "BCC Grand ReOpening 2007"]
[Site "?"]
[Date "2007.10.07"]
[Round "5"]
[White "Lum, Michael"]
[Black "Krasnov, Steven"]
[Result "0-1"]
[WhiteElo "1788"]
[BlackElo "1960"]
[PlyCount "84"]
[EventDate "2007.??.??"]
[SourceDate "2007.10.22"]

1. e4 e6 2. d4 d5 3. exd5 exd5 4. Bd3 Nf6 5. Nf3 Bg4 6. O-O Be7 7. h3 Bh5 8.
Bf4 O-O 9. Nbd2 Nc6 10. c3 a6 11. Qc2 Bg6 12. Bxg6 hxg6 13. Rfe1 Re8 14. Ne5
Nxe5 15. dxe5 Nh7 16. e6 f5 17. Nf3 Bd6 18. Qd2 Nf6 19. Bg5 c6 20. Rad1 Be7 21.
Bxf6 Bxf6 22. c4 dxc4 23. Qb4 Qc8 24. Qxc4 b5 25. Qc2 c5 26. Qd2 Ra7 27. Qd5
Rae7 28. Ne5 Qxe6 29. Qxc5 Qxa2 30. f4 g5 31. g3 gxf4 32. gxf4 Bxe5 33. Rxe5
Rxe5 34. fxe5 Qxb2 35. Qd5+ Kh7 36. Rd4 Qc1+ 37. Kh2 Qg5 38. e6 Rc8 39. Rd2
Qf4+ 40. Kg2 Rc3 41. Qd6 Qf3+ 42. Kh2 Qxh3+ 0-1

[Event "Purdy FNM; 30/90, SD/30"]
[Site "Berkeley"]
[Date "2010.01.22"]
[Round "3.5"]
[White "Lum, Michael K"]
[Black "Watson, Farid Mark"]
[Result "0-1"]
[WhiteElo "1836"]
[BlackElo "1971"]
[PlyCount "56"]
[EventDate "2010.??.??"]
[SourceDate "2007.10.22"]

1. d4 g6 2. e4 Bg7 3. f4 d6 4. Nf3 c6 5. Bc4 d5 6. exd5 cxd5 7. Bd3 Bg4 8. c3
e6 9. Qa4+ Nc6 10. Ne5 Bxe5 11. fxe5 h6 12. O-O Nge7 13. Qc2 Bf5 14. Bxf5 gxf5
15. Qe2 Qb6 16. Be3 Ng6 17. Na3 O-O-O 18. Qb5 Qxb5 19. Nxb5 Rh7 20. Bf4 Rg8 21.
Kh1 h5 22. Nd6+ Kc7 23. a4 a6 24. b4 Nxf4 25. Rxf4 f6 26. Nxb7 fxe5 27. dxe5
Kxb7 28. b5 axb5 0-1

[Event "BCC Annual Championship"]
[Site "?"]
[Date "2008.11.07"]
[Round "3"]
[White "MacIntyre, Brendan"]
[Black "Gonda, Thomas"]
[Result "1-0"]
[WhiteElo "1636"]
[BlackElo "1409"]
[PlyCount "57"]
[EventDate "2008.??.??"]
[SourceDate "2007.10.22"]

1. d4 d5 2. c4 dxc4 3. Nc3 Nc6 4. e3 Nf6 5. Bxc4 Bg4 6. f3 Bh5 7. Nge2 e6 8.
O-O Bd6 9. e4 e5 10. Nb5 Nxd4 11. Nxd6+ Qxd6 12. Nxd4 Qxd4+ 13. Qxd4 exd4 14.
b4 O-O-O 15. Bf4 Nd7 16. Rac1 Rhf8 17. Rfd1 Nb6 18. Bb3 f6 19. Rxc7+ Kb8 20.
Rc5+ Ka8 21. Rxh5 d3 22. Rxh7 g5 23. Bc7 Rd4 24. Bxb6 axb6 25. a3 d2 26. Bd5
Re8 27. Bxb7+ Kb8 28. Kf1 f5 29. Ke2 1-0

[Event "BCC Annual Championship"]
[Site "?"]
[Date "2008.10.24"]
[Round "1.9"]
[White "MacIntyre, Brendan"]
[Black "Magganas, Alexander"]
[Result "1-0"]
[WhiteElo "1636"]
[BlackElo "1078"]
[PlyCount "53"]
[EventDate "2008.??.??"]
[SourceDate "2007.10.22"]

1. d4 Nf6 2. c4 g6 3. Nc3 Bg7 4. e4 O-O 5. Nf3 d6 6. Be2 Re8 7. O-O e5 8. d5
Nbd7 9. b4 b6 10. Qc2 Bb7 11. a4 a5 12. bxa5 Rxa5 13. Be3 Nc5 14. Bxc5 Rxc5 15.
Rfb1 Ba6 16. Nd2 Qd7 17. Nb3 Rxc4 18. Bxc4 Bxc4 19. Nd2 Ba6 20. Na2 Nh5 21. Nb4
Be2 22. Nf1 Nf4 23. Rb3 Bf6 24. Ng3 Qh3 25. gxh3 Nxh3+ 26. Kg2 Nf4+ 27. Kh1 1-0

[Event "BCC David Pruess Marathon"]
[Site "?"]
[Date "2008.09.12"]
[Round "2.3"]
[White "MacIntyre, Brendan"]
[Black "Watson, Farid"]
[Result "0-1"]
[WhiteElo "1607"]
[BlackElo "1963"]
[PlyCount "92"]
[EventDate "2008.??.??"]
[SourceDate "2007.10.22"]

1. d4 Nf6 2. c4 e6 3. Nc3 Bb4 4. e3 O-O 5. Nf3 b6 6. Bd3 Bb7 7. O-O Bxc3 8.
bxc3 d6 9. e4 Bxe4 10. Re1 Bxd3 11. Qxd3 Nbd7 12. Bg5 h6 13. Bh4 c5 14. h3 Re8
15. Bg3 Nf8 16. Rad1 Ng6 17. Nd2 e5 18. d5 Qd7 19. Qc2 Nh5 20. Nf1 f5 21. f3
Rf8 22. Kh2 Rae8 23. Bf2 Qf7 24. g3 Qd7 25. a3 Nf6 26. a4 a6 27. Rb1 Rb8 28.
Nd2 Ne7 29. Rb2 b5 30. Reb1 Rb7 31. axb5 axb5 32. cxb5 Nexd5 33. Qb3 Kh8 34.
Nc4 f4 35. g4 e4 36. Kg2 Qe7 37. Na5 Rb6 38. Nc6 exf3+ 39. Kh2 Qd7 40. Qc4
Nxg4+ 41. Kg1 Nge3 42. Bxe3 Nxe3 43. Qe4 Qxh3 44. Qg6 Qg3+ 45. Qxg3 fxg3 46.
Ne7 f2+ 0-1

[Event "BCC Championship"]
[Site "Berkeley"]
[Date "2008.12.05"]
[Round "6.6"]
[White "Macintyre, Brendan"]
[Black "Clara, John A"]
[Result "1-0"]
[WhiteElo "1636"]
[BlackElo "1410"]
[PlyCount "31"]
[EventDate "2008.??.??"]
[SourceDate "2007.10.22"]

1. d4 d6 2. Nf3 Nf6 3. c4 g6 4. Nc3 Bg7 5. e3 Bf5 6. Be2 Nc6 7. a3 Qd7 8. O-O
Ne4 9. Nh4 Nxc3 10. bxc3 e5 11. Nxf5 Qxf5 12. f4 Qe6 13. d5 Qd7 14. dxc6 Qxc6
15. Qd5 Qb6 16. fxe5 1-0

[Event "Blackburne Friday Night Marathon"]
[Site "?"]
[Date "2009.04.03"]
[Round "3.7"]
[White "Macintyre, Brendan"]
[Black "Clara, John A"]
[Result "0-1"]
[WhiteElo "1642"]
[BlackElo "1439"]
[PlyCount "44"]
[EventDate "2009.??.??"]
[SourceDate "2007.10.22"]

1. d4 Nf6 2. c4 g6 3. Nc3 Bg7 4. Nf3 d6 5. Bf4 Bf5 6. Qd2 h5 7. Ng5 d5 8. cxd5
Nxd5 9. Nxd5 Qxd5 10. e3 Nc6 11. b3 Bxd4 12. exd4 Nxd4 13. Rc1 f6 14. Be3 e5
15. Bxd4 exd4 16. Nf3 O-O-O 17. Be2 d3 18. Bd1 Rhe8+ 19. Kf1 g5 20. Qc3 Rd7 21.
Qc4 d2 22. Qxd5 dxc1=Q 0-1

[Event "Berkeley CC FNM; 30/90, SD/30"]
[Site "Berkeley"]
[Date "2009.06.05"]
[Round "6.6"]
[White "Macintyre, Brendan"]
[Black "Clara, John"]
[Result "1-0"]
[WhiteElo "1689"]
[BlackElo "1477"]
[PlyCount "55"]
[EventDate "2009.??.??"]
[SourceDate "2007.10.22"]

1. d4 Nf6 2. c4 g6 3. Nc3 Bg7 4. Nf3 d6 5. e4 Nbd7 6. Be2 O-O 7. O-O e5 8. d5
Nc5 9. Qc2 Ne8 10. b4 Na6 11. a3 f5 12. c5 f4 13. Bxa6 bxa6 14. Na4 g5 15. cxd6
cxd6 16. Bb2 g4 17. Ne1 Bh6 18. Qc6 Bd7 19. Qxa6 Qh4 20. Nb6 axb6 21. Qxa8 Nf6
22. Qb7 g3 23. Nf3 gxh2+ 24. Nxh2 Ng4 25. Nf3 Qd8 26. Rac1 Nf6 27. Rfe1 Bg4 28.
Rc3 1-0

[Event "David Pruess FNM; 30/90, SD/30"]
[Site "Berkeley"]
[Date "2008.10.03"]
[Round "5.6"]
[White "Macintyre, Brendan"]
[Black "Cole, Tony"]
[Result "1-0"]
[WhiteElo "1607"]
[BlackElo "1391"]
[PlyCount "75"]
[EventDate "2008.??.??"]
[SourceDate "2007.10.22"]

1. d4 d5 2. c4 Nc6 3. e3 Nf6 4. Nc3 e5 5. cxd5 Nxd5 6. e4 Nxc3 7. bxc3 exd4 8.
Bb5 Bc5 9. Bb2 O-O 10. Nf3 dxc3 11. Bxc3 Bb4 12. Bxb4 Nxb4 13. O-O Bg4 14. Qb3
Bxf3 15. Qxf3 a6 16. Ba4 b5 17. Bb3 Qg5 18. a3 Nc6 19. Bd5 Ne5 20. Qc3 Nc4 21.
Bxa8 Rxa8 22. f4 Qg6 23. e5 Qb6+ 24. Kh1 Ne3 25. Rf3 Nf5 26. Rd1 c5 27. Rd5 c4
28. h3 Qc6 29. Qd2 Qb6 30. Kh2 g6 31. g4 Ne7 32. Rd6 Qb7 33. Re3 Nc8 34. Rd8+
Kg7 35. e6 Qc7 36. Qd4+ Kh6 37. g5+ Kh5 38. Qd1+ 1-0

[Event "BCC Adolf Anderssen Friday Night Marath"]
[Site "Berkeley"]
[Date "2009.01.23"]
[Round "3.6"]
[White "Macintyre, Brendan"]
[Black "Gonda, Thomas A"]
[Result "0-1"]
[WhiteElo "1654"]
[BlackElo "1445"]
[PlyCount "84"]
[EventDate "2009.??.??"]
[SourceDate "2007.10.22"]

1. d4 Nf6 2. c4 e6 3. Nc3 d5 4. Nf3 c5 5. e3 cxd4 6. exd4 Bb4 7. a3 Bxc3+ 8.
bxc3 Qc7 9. c5 b6 10. Be3 Ne4 11. Rc1 bxc5 12. dxc5 Nxc5 13. Bxc5 Qxc5 14. Qb3
O-O 15. Be2 Nc6 16. O-O Rb8 17. Qa2 Bd7 18. c4 d4 19. Bd3 e5 20. Be4 Ne7 21.
Rfe1 f6 22. Bd5+ Nxd5 23. cxd5 Qd6 24. Nd2 Rfc8 25. Ne4 Rxc1 26. Rxc1 Qb6 27.
h3 Bf5 28. d6+ Kh8 29. Nc5 Qxd6 30. g4 Bd7 31. Ne4 Qe6 32. Qd2 Bc6 33. f3 Bxe4
34. fxe4 Qb3 35. Kg2 Qxa3 36. Rc2 h6 37. Ra2 Qc3 38. Qf2 a5 39. h4 Qc6 40. Qf3
a4 41. Ra3 Rb2+ 42. Kg3 Qc1 0-1

[Event "BCC Josh Friedel Marathon"]
[Site "Berkeley"]
[Date "2008.08.15"]
[Round "6.4"]
[White "Macintyre, Brendan"]
[Black "Jones, James E"]
[Result "0-1"]
[WhiteElo "1606"]
[BlackElo "2022"]
[PlyCount "71"]
[EventDate "2008.??.??"]
[SourceDate "2007.10.22"]

1. d4 Nf6 2. c4 c5 3. e3 g6 4. Nc3 Bg7 5. Nf3 O-O 6. Be2 d6 7. O-O Nc6 8. a3
Rb8 9. Re1 Bg4 10. h3 Bf5 11. Nh4 Qc8 12. Nxf5 Qxf5 13. Bf3 e5 14. e4 Qd7 15.
dxc5 dxc5 16. Bg5 Nd4 17. Nd5 Qd6 18. Qd3 b5 19. Rac1 bxc4 20. Qxc4 Rxb2 21.
Bxf6 Bxf6 22. Qxc5 Qa6 23. Bg4 Kg7 24. Bc8 Rxc8 25. Qxc8 Qxa3 26. Kf1 Bh4 27.
Rc3 Rxf2+ 28. Kg1 Qb2 29. Qg4 Bd8 30. Rce3 Ba5 31. Rf1 Rxf1+ 32. Kxf1 Qc1+ 33.
Kf2 Nc2 34. Re2 Be1+ 35. Rxe1 Qxe1+ 36. Kf3 0-1

[Event "BCC Josh Friedel Marathon"]
[Site "Berkeley"]
[Date "2008.08.08"]
[Round "5.2"]
[White "Macintyre, Brendan"]
[Black "Krasnov, Steven"]
[Result "0-1"]
[WhiteElo "1606"]
[BlackElo "1950"]
[PlyCount "86"]
[EventDate "2008.??.??"]
[SourceDate "2007.10.22"]

1. d4 d5 2. c4 c6 3. Nc3 Nf6 4. e3 e6 5. Nf3 Nbd7 6. Bd3 dxc4 7. Bxc4 b5 8. Bd3
Bb7 9. O-O a6 10. e4 b4 11. Nb1 c5 12. e5 Nd5 13. Bg5 Qc7 14. dxc5 Bxc5 15. Qe2
h6 16. Bc1 g5 17. h3 a5 18. a3 Rc8 19. Bb5 Bc6 20. Bxc6 Qxc6 21. Nbd2 Qc7 22.
Nb3 Bb6 23. Bd2 O-O 24. Rac1 Qb7 25. axb4 axb4 26. Qe4 Rxc1 27. Rxc1 Qa7 28.
Ra1 Bxf2+ 29. Kf1 Qb6 30. Bxg5 hxg5 31. Nxg5 f5 32. exf6 Ne3+ 33. Ke2 Nf5 34.
f7+ Rxf7 35. Ra8+ Nf8 36. Kd1 Rd7+ 37. Kc2 Qe3 38. Rxf8+ Kxf8 39. Nxe6+ Ke7 40.
Qxf5 Qe2+ 41. Kb1 Rd1+ 42. Nc1 b3 43. Nf4 Rxc1+ {W resigns} 0-1

[Event "Blackburne Friday Night Marathon"]
[Site "Berkeley"]
[Date "2009.03.13"]
[Round "1"]
[White "Macintyre, Brendan"]
[Black "Magganas, Alexander"]
[Result "1/2-1/2"]
[WhiteElo "1642"]
[BlackElo "1241"]
[PlyCount "97"]
[EventDate "2009.??.??"]
[SourceDate "2007.10.22"]

1. d4 Nf6 2. c4 g6 3. Nc3 d5 4. e3 Bg7 5. Be2 O-O 6. Nf3 Bg4 7. cxd5 Nxd5 8.
O-O Nxc3 9. bxc3 Nd7 10. e4 c5 11. e5 cxd4 12. cxd4 Nb6 13. Ba3 Nd5 14. h3 Bf5
15. Rc1 Bh6 16. Rc4 Be6 17. Rc2 Qa5 18. Bb2 Rac8 19. Bc4 Ne3 20. Qc1 Rxc4 21.
fxe3 Rxc2 22. Qxc2 Bxe3+ 23. Kh1 Rc8 24. Qe4 Bh6 25. Qxb7 Rc7 26. Qe4 Kg7 27.
a3 Qd5 28. Qxd5 Bxd5 29. Ne1 Rc4 30. Nd3 Be3 31. Nb4 Bxd4 32. Nxd5 Bxb2 33.
Nxe7 Bxa3 34. Nd5 Bb2 35. Re1 Rc5 36. e6 fxe6 37. Nf4 Kf7 38. Nxe6 Re5 39. Nd8+
Kf6 40. Rf1+ Rf5 41. Rb1 Rf2 42. Nc6 Rc2 43. Nxa7 Rc1+ 44. Rxc1 Bxc1 45. Nb5
Kg5 46. Nd4 Kf6 47. g3 Bb2 48. Nf3 g5 49. g4 1/2-1/2

[Event "BCC Adolf Anderssen Friday Night Marath"]
[Site "Berkeley"]
[Date "2009.01.09"]
[Round "1.7"]
[White "Macintyre, Brendan"]
[Black "Magganas, Alexander"]
[Result "1-0"]
[WhiteElo "1654"]
[BlackElo "1129"]
[PlyCount "65"]
[EventDate "2009.??.??"]
[SourceDate "2007.10.22"]

1. d4 Nf6 2. c4 g6 3. Nc3 d5 4. e3 Bg7 5. Be2 O-O 6. Nf3 Bf5 7. O-O c6 8. Nh4
Bd7 9. f4 dxc4 10. Bxc4 b5 11. Bd3 Bg4 12. Be2 Bxe2 13. Qxe2 b4 14. Nb1 Ne4 15.
Nd2 Nxd2 16. Bxd2 c5 17. dxc5 Bxb2 18. Rab1 Bc3 19. Bxc3 bxc3 20. Nf3 Qa5 21.
Rb5 Qc7 22. Qc4 Rc8 23. Qxc3 a6 24. Ra5 Qb6 25. Ne5 Qe6 26. Rc1 Nc6 27. Nxc6
Rxc6 28. Kf2 Rac8 29. Qd4 Rd6 30. cxd6 Rxc1 31. d7 Rc2+ 32. Kf3 Qc6+ 33. Rd5
1-0

[Event "Berkeley CC FNM; 30/90, SD/30"]
[Site "Berkeley"]
[Date "2009.05.01"]
[Round "1.9"]
[White "Macintyre, Brendan"]
[Black "Magganas, Aristotle"]
[Result "1-0"]
[WhiteElo "1689"]
[BlackElo "1273"]
[PlyCount "59"]
[EventDate "2009.??.??"]
[SourceDate "2007.10.22"]

1. d4 Nf6 2. c4 e6 3. Nc3 d5 4. e3 Bb4 5. Nf3 O-O 6. Bd3 dxc4 7. Bxc4 c5 8. O-O
Nc6 9. a3 Ba5 10. dxc5 Bxc3 11. bxc3 Qa5 12. Qc2 Bd7 13. Bb2 Qxc5 14. Bd3 Rac8
15. c4 Qe7 16. Bxf6 Qxf6 17. Bxh7+ Kh8 18. Be4 Na5 19. c5 b6 20. Qd3 Rfd8 21.
Qa6 Rxc5 22. Nd4 Rh5 23. Nf3 Bb5 24. Qxa7 Bxf1 25. Rxf1 Rb5 26. Nd4 Re5 27. Bf3
Nc4 28. Nc6 Rg5 29. Nxd8 Qxf3 30. Nxf7+ 1-0